| 000 | 00613nam a2200193Ia 4500 | ||
|---|---|---|---|
| 005 | 20260114185833.0 | ||
| 008 | 008 260114s9999 xx 000 0 eng d | ||
| 020 | _a9780755622870 | ||
| 037 | _aEBOOK | ||
| 040 |
_aCRL _beng _cCRL |
||
| 041 |
_aeng _2eng |
||
| 084 | _qCRL | ||
| 100 |
_aMaria Koundoura _9875015 |
||
| 245 | 0 | _aTransnational Culture, Transnational Identity The Politics and Ethics of Global Culture Exchange | |
| 260 |
_bBloomsbury _c2012 |
||
| 856 | _uhttps://doi.org/10.5040/9780755622870?locatt=label:secondary_bloomsburyCollections | ||
| 942 | _cEBOOK | ||
| 999 |
_c1473949 _d1473949 |
||